000 00548nam a22001697a 4500
003 OSt
005 20160531132006.0
008 131001t xxu||||| |||| 00| 0 eng d
050 _aDS 686.614
_b.R175 2010
082 _aGLT 320
_bR14 2010
100 _aRamos, Fidel
_922643
245 _aUnsolicited advice :
_bvol.13 of the collection of speeches, essays and anecdotes /
_cFidel V. Ramos.
260 _aPhilippines :
_bThe Ramos Peace and Development Foundation,
_c2010
300 _a258 p. :
_bill. ;
_c25 cm.
942 _2lcc
_cBK
999 _c12592
_d12592